00602nam a2200157 a 450000100100000000500170001000800410002704000250006810000330009324501440012626000820027030000200035249000240037250400280039683000200042400003777820201002031119.0130306s1982 dr 000 0 spa d aDO-SdBNPbspacBNPHU1 aSantaella, Joaquín Gerardo10aCasos prácticos de ahorro de energía en las industrias de la República Dominicana /cJoaquín Gerardo Santaella, Gil Manuel Canario. aSanto Domingo :bCentro de Información Científica y Tecnológica,c1982. a37 p. ;c22 cm.1 aMonografíavno. 6 aBibliografía : p. 37- 0aMonografían6